000 00560nam a22002057a 4500
003 DLsc
005 20140310183056.0
008 130228t xxu||||| |||| 00| 0 eng d
020 _a9710861670
050 _aQA 303
_b.N758 2001
082 _aFIL 515.43
_b.N758 2001
245 _aIntegral calculus
_bmade simple for Filipinos : text / workbook
260 _a(Mandaluyong City)
_bNational Bookstore
_c2001
300 _a413 p.
_c25 cm.
521 _acollege students
526 _c1210L-1700L
541 _j1
562 _e1
942 _2lcc
_cBK
_kFIL
999 _c18677
_d18677